000 00614nam a22002057a 4500
003 LK-CoDNM
005 20241010105037.0
008 241009b |||||||| |||| 00| 0 eng d
040 _aLK-CoDNM
_dLK-CoDNM
_eLK-CoDNM
041 _asin
080 _a105
_bKK6
100 _aරාජගුරු,ඩී.ආර්.පී
245 _aඅන්තෝර පොත
260 _aමාතලේ මුද්‍රණාලය
_bමාතලේ
300 _a10p ; 23cm
650 _a105 KK6
650 _aරාජගුරු,ඩී.ආර්.පී
650 _aඅන්තෝර පොත
942 _cBK
999 _c218808
_d218808